[Event "Lliga Catalana DH "]
[Site "CERDANYOLA DEL VALLÈS"]
[Date "2018.03.17"]
[Round "9.6"]
[White "Martinez Lopez, Carlos"]
[Black "Bru Rullo, Llatzer"]
[Result "0-1"]
[WhiteElo "2199"]
[BlackElo "2315"]
[PlyCount "72"]
[EventDate "2018.??.??"]
[SourceDate "2015.07.10"]
[WhiteTeam "PIP"]
[BlackTeam "PEC"]

1. e4 c5 2. Nf3 e6 3. d4 cxd4 4. Nxd4 a6 5. Bd3 b5 6. O-O Bb7 7. Qe2 Qb6 8. Nb3
Qc7 9. a4 b4 10. a5 Nc6 11. Be3 Nf6 12. f4 Be7 13. N1d2 d5 14. e5 Nd7 15. Qg4
g6 16. Qe2 O-O 17. Nf3 f5 18. h3 Rfc8 19. g4 fxg4 20. hxg4 Rf8 21. Nfd4 Nxd4
22. Bxd4 Nc5 23. Nxc5 Bxc5 24. Qe3 Bxd4 25. Qxd4 Qe7 26. Kg2 Qh4 27. Be2 Rac8
28. Rh1 Rxf4 29. Rxh4 Rxd4 30. Bd3 b3 31. Bxg6 hxg6 32. Rah1 Rxg4+ 33. Rxg4 d4+
34. Kg1 bxc2 35. Rxg6+ Kf7 36. Rf6+ Kg7 0-1

[Event "Lliga Catalana DH "]
[Site "CERDANYOLA DEL VALLÈS"]
[Date "2018.03.17"]
[Round "9.7"]
[White "Castellet Giralt, Gabriel"]
[Black "Garcia Castellote, Daniel"]
[Result "1-0"]
[WhiteElo "2322"]
[BlackElo "2166"]
[PlyCount "43"]
[EventDate "2018.??.??"]
[SourceDate "2015.07.10"]
[WhiteTeam "PEC"]
[BlackTeam "PIP"]

1. d4 Nf6 2. c4 g6 3. Nc3 Bg7 4. e4 d6 5. f4 O-O 6. Nf3 c5 7. dxc5 Qa5 8. Bd3
Qxc5 9. Qe2 Nc6 10. Be3 Qa5 11. O-O Bg4 12. Rac1 e5 13. f5 Nd4 14. Qf2 Bxf3 15.
gxf3 Nd7 16. Kh1 Nc5 17. Bb1 b5 18. b4 Qxb4 19. Nd5 Qa4 20. f6 Nce6 21. fxg7
Kxg7 22. Qh4 1-0

[Event "Lliga Catalana DH "]
[Site "CERDANYOLA DEL VALLÈS"]
[Date "2018.03.17"]
[Round "9.8"]
[White "Subirachs Mancebo, Guillem"]
[Black "Oliva Valero, Oscar"]
[Result "1-0"]
[WhiteElo "2208"]
[BlackElo "2298"]
[PlyCount "65"]
[EventDate "2018.??.??"]
[SourceDate "2015.07.10"]
[WhiteTeam "PIP"]
[BlackTeam "PEC"]

1. e4 c5 2. b3 Nc6 3. Bb2 e6 4. Nf3 d5 5. exd5 exd5 6. Bb5 d4 7. O-O Bd6 8. c3
dxc3 9. Nxc3 Nge7 10. d4 O-O 11. dxc5 Bxc5 12. Ne4 Bb6 13. h3 Be6 14. Qe2 Qb8
15. Rad1 Nd5 16. Nfg5 Nf4 17. Qf3 h6 18. Nxe6 fxe6 19. Bxc6 bxc6 20. Rd7 e5 21.
Qg4 g6 22. Nd6 Bd4 23. Bxd4 exd4 24. Re1 Qb4 25. Ree7 Rf6 26. Rg7+ Kh8 27. Rh7+
Kg8 28. Rdg7+ Kf8 29. Rf7+ Rxf7 30. Rxf7+ Kg8 31. Qxf4 Qe1+ 32. Kh2 Qe6 33.
Qxd4 1-0

[Event "Lliga Catalana DH "]
[Site "CERDANYOLA DEL VALLÈS"]
[Date "2018.03.17"]
[Round "9.9"]
[White "Valencia Jimenez, Jose"]
[Black "Garcia Castellote, Oscar"]
[Result "0-1"]
[WhiteElo "2263"]
[BlackElo "2204"]
[PlyCount "66"]
[EventDate "2018.??.??"]
[SourceDate "2015.07.10"]
[WhiteTeam "PEC"]
[BlackTeam "PIP"]

1. Nf3 Nf6 2. g3 g6 3. Bg2 Bg7 4. O-O O-O 5. c4 d6 6. d4 Nbd7 7. Nc3 e5 8. e4
a6 9. Re1 exd4 10. Nxd4 Re8 11. b3 Rb8 12. h3 c5 13. Nc2 b5 14. Qxd6 Rb6 15.
Qd2 b4 16. Na4 Rbe6 17. Rb1 Bb7 18. e5 Bxg2 19. exf6 Rxe1+ 20. Nxe1 Be4 21.
fxg7 Bxb1 22. Nf3 Ne5 23. Nxe5 Qxd2 24. Bxd2 Rxe5 25. Be3 Bxa2 26. Nxc5 a5 27.
Kg2 f6 28. Bd4 Re1 29. Nb7 Bxb3 30. Nxa5 Bxc4 31. Bxf6 Bd5+ 32. f3 Re2+ 33. Kf1
Ra2 0-1

[Event "Lliga Catalana DH "]
[Site "CERDANYOLA DEL VALLÈS"]
[Date "2018.03.17"]
[Round "9.10"]
[White "Lopez Forn, Marc"]
[Black "Garcia Acosta, Roger"]
[Result "1/2-1/2"]
[WhiteElo "2192"]
[BlackElo "2220"]
[PlyCount "66"]
[EventDate "2018.??.??"]
[SourceDate "2015.07.10"]
[WhiteTeam "PIP"]
[BlackTeam "PEC"]

1. d4 d5 2. Nc3 Nf6 3. Bf4 Bf5 4. f3 Bg6 5. g4 h6 6. h4 e6 7. h5 Bh7 8. e3 Bd6
9. Bd3 Nc6 10. Bxd6 Qxd6 11. Nge2 O-O-O 12. Qd2 Bxd3 13. Qxd3 e5 14. O-O-O e4
15. fxe4 Nb4 16. Qd2 dxe4 17. Rhf1 Qe6 18. a3 Na2+ 19. Nxa2 Qxa2 20. Nc3 Qe6
21. Rf4 Nxg4 22. d5 Qd7 23. Qd4 Kb8 24. Qxg7 f5 25. Qxd7 Rxd7 26. Re1 Rf8 27.
Nxe4 Rxd5 28. Nc3 Re5 29. e4 Nf6 30. Rxf5 Rxf5 31. exf5 Nxh5 32. Re6 Ng7 33.
Rxh6 Nxf5 1/2-1/2

[Event "Lliga Catalana DH "]
[Site "?"]
[Date "2018.03.17"]
[Round "9.1"]
[White "Fluvia Poyatos, Joan"]
[Black "Gonzalez Rodriguez, Jorge"]
[Result "0-1"]
[WhiteElo "2538"]
[BlackElo "2381"]
[PlyCount "121"]
[EventDate "2018.??.??"]
[SourceDate "2015.07.10"]
[WhiteTeam "SJO"]
[BlackTeam "FIG"]

1. e4 e6 2. d4 d5 3. Nc3 Bb4 4. e5 b6 5. Qg4 Bf8 6. Bg5 Qd7 7. f4 Ba6 8. Bxa6
Nxa6 9. O-O-O c6 10. Nge2 Nc7 11. Rhf1 f6 12. Bh4 Nh6 13. Qf3 f5 14. h3 Be7 15.
Bxe7 Qxe7 16. g4 O-O-O 17. Ng3 Rhf8 18. Nh5 c5 19. dxc5 bxc5 20. Ne2 Kb8 21. c4
dxc4 22. g5 Nf7 23. Qc3 Rxd1+ 24. Rxd1 Rd8 25. Qxc4 Rxd1+ 26. Kxd1 Nd8 27. Qd3
Kc8 28. Nc3 Qf7 29. Ng3 Qe8 30. a3 g6 31. Nf1 Qc6 32. Nd2 Nd5 33. Qf3 Nb6 34.
Qf1 c4 35. Qf3 Kc7 36. Kc2 Nb7 37. Qxc6+ Kxc6 38. b4 cxb3+ 39. Nxb3 Nc5 40.
Nd4+ Kd7 41. Nb3 Nxb3 42. Kxb3 Kc6 43. Kb4 Nd5+ 44. Nxd5 Kxd5 45. h4 Ke4 46.
Kc5 Kxf4 47. Kd6 Kg4 48. Kxe6 f4 49. Kd6 f3 50. e6 f2 51. e7 f1=Q 52. e8=Q Qf4+
53. Kd5 Qf3+ 54. Kc4 Qxa3 55. Qd7+ Kxh4 56. Qxh7+ Kxg5 57. Qd7 Qc1+ 58. Kb5 Qe3
59. Qd8+ Kh5 60. Qd1+ Kh4 61. Qd6 0-1

[Event "Lliga Catalana DH "]
[Site "?"]
[Date "2018.03.17"]
[Round "9.2"]
[White "Serra Pages, Jordi"]
[Black "Fluvia Poyatos, Jordi"]
[Result "0-1"]
[WhiteElo "2338"]
[BlackElo "2460"]
[PlyCount "102"]
[EventDate "2018.??.??"]
[SourceDate "2015.07.10"]
[WhiteTeam "FIG"]
[BlackTeam "SJO"]

1. d4 Nf6 2. c4 g6 3. Nc3 d5 4. Bf4 Bg7 5. e3 c5 6. dxc5 Nbd7 7. cxd5 Qa5 8.
Rc1 Ne4 9. Nge2 Ndxc5 10. Nd4 Nxc3 11. bxc3 Qxa2 12. Bb5+ Bd7 13. Bxd7+ Nxd7
14. c4 O-O 15. O-O Rfc8 16. Qc2 Qxc2 17. Rxc2 a5 18. Rb1 Nc5 19. Nb5 a4 20. Nc7
Ra5 21. Rb5 Rxb5 22. Nxb5 Nd3 23. Kf1 Nb4 24. Rd2 Rxc4 25. d6 exd6 26. Rxd6 Bb2
27. Bh6 Rc8 28. Rb6 a3 29. Nxa3 Bxa3 30. Rxb7 Nd5 31. Rd7 Nf6 32. Rd4 Bf8 33.
Bf4 Nh5 34. Bg5 h6 35. Bh4 g5 36. g4 gxh4 37. gxh5 Be7 38. Rd5 h3 39. Ke2 Rc2+
40. Rd2 Rxd2+ 41. Kxd2 Kg7 42. Ke2 Bh4 43. Kf3 Kf6 44. Ke2 Kg5 45. Kf3 Kxh5 46.
Ke2 Kg4 47. f3+ Kf5 48. Kf1 Ke5 49. Kg1 Kd5 50. Kf1 Kc4 51. Ke2 Bg3 0-1

[Event "Lliga Catalana DH "]
[Site "?"]
[Date "2018.03.17"]
[Round "9.3"]
[White "Porras Mateo, Felipe"]
[Black "Ibañez Tarradellas, Eduard"]
[Result "1-0"]
[WhiteElo "2448"]
[BlackElo "2319"]
[PlyCount "57"]
[EventDate "2018.??.??"]
[SourceDate "2015.07.10"]
[WhiteTeam "SJO"]
[BlackTeam "FIG"]

1. d4 d5 2. c4 Nc6 3. cxd5 Qxd5 4. e3 e5 5. Nc3 Bb4 6. Bd2 Bxc3 7. Bxc3 exd4 8.
Ne2 Nf6 9. Nxd4 O-O 10. Nb5 Bg4 11. f3 Qg5 12. fxg4 Rfe8 13. Be2 Rad8 14. Qc1
Rxe3 15. O-O Qc5 16. Bxf6 Rc3+ 17. Kh1 Rxc1 18. Raxc1 Qf8 19. Bxd8 Qxd8 20. Bf3
a6 21. Rfd1 Qb8 22. Rd7 axb5 23. Bxc6 g6 24. Bd5 c6 25. Bxf7+ Kg7 26. g5 Qe5
27. Bb3+ Kf8 28. Rxb7 Qxg5 29. Re1 1-0

[Event "Lliga Catalana DH "]
[Site "?"]
[Date "2018.03.17"]
[Round "9.4"]
[White "Baños, Oscar Francisco"]
[Black "Iglesias, Jorge"]
[Result "1/2-1/2"]
[WhiteElo "2382"]
[BlackElo "2307"]
[PlyCount "37"]
[EventDate "2018.??.??"]
[SourceDate "2015.07.10"]
[WhiteTeam "FIG"]
[BlackTeam "SJO"]

1. c4 c5 2. Nc3 Nf6 3. e4 Nc6 4. g3 g6 5. Bg2 Bg7 6. Nge2 O-O 7. O-O d6 8. d3
Rb8 9. Rb1 b6 10. a3 Ne8 11. b4 Nc7 12. Be3 Ne6 13. Qd2 Ned4 14. Bh6 Bh3 15.
Nxd4 Nxd4 16. Bxg7 Kxg7 17. Ne2 Nxe2+ 18. Qxe2 Bxg2 19. Kxg2 1/2-1/2

[Event "Lliga Catalana DH "]
[Site "?"]
[Date "2018.03.17"]
[Round "9.5"]
[White "Gutierrez Clares, Joaquim"]
[Black "Pinsach Gelabert, Alexandre"]
[Result "1-0"]
[WhiteElo "2326"]
[BlackElo "2294"]
[PlyCount "97"]
[EventDate "2018.??.??"]
[SourceDate "2015.07.10"]
[WhiteTeam "SJO"]
[BlackTeam "FIG"]

1. d4 Nf6 2. c4 g6 3. Nc3 Bg7 4. e4 d6 5. Be2 O-O 6. Bg5 c5 7. dxc5 Qa5 8. Bd2
Qxc5 9. Nf3 Bg4 10. Be3 Qa5 11. Nd2 Bxe2 12. Qxe2 Nc6 13. O-O Nd7 14. Rfc1 Nd4
15. Bxd4 Bxd4 16. Nb3 Qe5 17. Nxd4 Qxd4 18. Nd5 Rae8 19. Rd1 Qg7 20. Rac1 Nf6
21. b3 h5 22. h3 Nxd5 23. exd5 Qf6 24. Rd3 Rc8 25. Re1 Rc7 26. Re3 Re8 27. Qd2
Qf4 28. g3 Qg5 29. Qd4 b6 30. Rf3 Rc5 31. Rfe3 Rc7 32. Kg2 Rb7 33. f4 Qf5 34.
Kh2 f6 35. Re4 Kf7 36. Qe3 b5 37. c5 Qxd5 38. cxd6 Qxd6 39. f5 g5 40. Qe2 Rh8
41. Re6 Qc5 42. Qe4 Rc7 43. Re2 h4 44. b4 hxg3+ 45. Kg2 Qc4 46. Rxe7+ Kf8 47.
Rxc7 Qxc7 48. Qe8+ Kg7 49. Qg6+ 1-0

[Event "Lliga Catalana DH "]
[Site "?"]
[Date "2018.03.17"]
[Round "9.6"]
[White "Parals Marce, Lluis"]
[Black "Fernandez Madrid, Carles"]
[Result "0-1"]
[WhiteElo "2214"]
[BlackElo "2242"]
[PlyCount "122"]
[EventDate "2018.??.??"]
[SourceDate "2015.07.10"]
[WhiteTeam "FIG"]
[BlackTeam "SJO"]

1. Nf3 d6 2. d4 Bg4 3. g3 Bxf3 4. exf3 Nd7 5. f4 Ngf6 6. Bg2 c6 7. O-O g6 8.
Re1 Bg7 9. b3 O-O 10. Bb2 d5 11. Nd2 e6 12. Nf3 Ne4 13. Ne5 Ndf6 14. Qe2 Re8
15. a4 Bf8 16. c3 a5 17. f3 Nd6 18. c4 dxc4 19. bxc4 Nf5 20. Red1 Qc7 21. Bh3
Rad8 22. Kh1 Nh5 23. Qe1 Bb4 24. Qf2 Nfg7 25. Rac1 c5 26. d5 exd5 27. cxd5 f5
28. Bf1 Rf8 29. Ba1 Ne8 30. d6 Nxd6 31. Rxd6 Rxd6 32. Bc4+ Kg7 33. Nd7+ Rff6
34. Nxf6 Nxf6 35. Be5 Rd2 36. Qe3 Qd8 37. g4 fxg4 38. fxg4 Kf8 39. h3 Nxg4 40.
Qf3 Nf2+ 41. Kg1 Qd7 42. h4 Qg4+ 43. Qxg4 Nxg4 44. Bh8 Ne3 45. Be6 Rd1+ 46.
Rxd1 Nxd1 47. Bf6 Bc3 48. Bd8 Nb2 49. Bd7 c4 50. Kf2 Bd2 51. Ke2 Bxf4 52. Bxa5
Be5 53. Ke3 c3 54. Bb4+ Kg7 55. a5 c2 56. Bd2 Nc4+ 57. Kd3 Nxd2 58. Kxd2 Bc3+
59. Kxc2 Bxa5 60. Bc8 b6 61. Bg4 h5 0-1

[Event "Lliga Catalana DH "]
[Site "?"]
[Date "2018.03.17"]
[Round "9.7"]
[White "Barcelo Sola, David"]
[Black "Negre Moret, Albert"]
[Result "1-0"]
[WhiteElo "2178"]
[BlackElo "2206"]
[PlyCount "87"]
[EventDate "2018.??.??"]
[SourceDate "2015.07.10"]
[WhiteTeam "SJO"]
[BlackTeam "FIG"]

1. e4 e5 2. f4 exf4 3. Nf3 g5 4. Bc4 Bg7 5. d4 d6 6. O-O h6 7. g3 Bh3 8. Rf2
Nf6 9. gxf4 Ng4 10. Re2 gxf4 11. Bxf4 Qf6 12. Qd2 Nc6 13. e5 dxe5 14. dxe5 Qg6
15. Nh4 Qh5 16. Nf3 Rd8 17. Qe1 O-O 18. Nc3 Nd4 19. Qg3 Nxe2+ 20. Bxe2 Rfe8 21.
Kh1 Kh8 22. Ng1 Rxe5 23. Nxh3 Rxe2 24. Nxe2 Qd5+ 25. Qg2 Qe6 26. Rg1 f5 27. Nc3
Bd4 28. Rd1 Qf6 29. Nd5 Qf7 30. c3 Bf6 31. Ne3 Rxd1+ 32. Nxd1 Qe7 33. Ng1 c6
34. Qe2 Qxe2 35. Nxe2 Kg7 36. Kg2 Be5 37. h3 Bxf4 38. hxg4 Bd2 39. gxf5 Kf6 40.
Ng3 Bc1 41. Kf3 Ke5 42. Nf2 Kf6 43. Nd3 Bd2 44. Ne4+ 1-0

[Event "Lliga Catalana DH "]
[Site "?"]
[Date "2018.03.17"]
[Round "9.8"]
[White "Pau Plana, Albert"]
[Black "Fernandez Serrano, Pau"]
[Result "0-1"]
[WhiteElo "2166"]
[BlackElo "2173"]
[PlyCount "116"]
[EventDate "2018.??.??"]
[SourceDate "2015.07.10"]
[WhiteTeam "FIG"]
[BlackTeam "SJO"]

1. d4 g6 2. Nf3 d6 3. c4 Bg7 4. Nc3 Nc6 5. g3 Bd7 6. Bg2 Qc8 7. O-O Bh3 8. Qa4
Kf8 9. Bxh3 Qxh3 10. Qb5 Rb8 11. Be3 a6 12. Qb3 Nh6 13. Nd5 Qd7 14. Rfd1 Nf5
15. c5 e6 16. Nf4 d5 17. Rac1 Na5 18. Qa3 Nc4 19. Rxc4 dxc4 20. d5 e5 21. c6+
Qe7 22. Bc5 Nd6 23. Ne6+ fxe6 24. dxe6 Kg8 25. Rxd6 cxd6 26. Bxd6 Qe8 27. Bxb8
Qxb8 28. Qe7 Qf8 29. Qxb7 h6 30. c7 Kh7 31. Nxe5 Qc8 32. Qxc8 Rxc8 33. Nxc4
Rxc7 34. Ne3 Re7 35. b3 Rxe6 36. Kf1 Rd6 37. Nc4 Rd1+ 38. Kg2 Ra1 39. a3 Rb1
40. Na5 Bb2 41. Nc4 Bxa3 42. Nxa3 Rxb3 43. Nc4 Rb4 44. Na5 Rb5 45. Nc6 a5 46.
Nd4 Rb4 47. Nc2 Rb5 48. Nd4 Rd5 49. Nb3 a4 50. Nc1 Rd1 51. Na2 Rd2 52. Nc3 a3
53. Nb1 Ra2 54. Kf3 Ra1 55. Nc3 Rc1 56. Na2 Rc2 57. Nb4 Rb2 58. Nd3 Rb3 0-1

[Event "Lliga Catalana DH "]
[Site "?"]
[Date "2018.03.17"]
[Round "9.9"]
[White "Hapala, Elisabeth"]
[Black "Alonso Jimenez, Joan"]
[Result "1-0"]
[WhiteElo "2103"]
[BlackElo "2092"]
[PlyCount "29"]
[EventDate "2018.??.??"]
[SourceDate "2015.07.10"]
[WhiteTeam "SJO"]
[BlackTeam "FIG"]

1. e4 e5 2. Nf3 Nc6 3. Bb5 Nge7 4. c3 g6 5. d4 Bg7 6. d5 a6 7. Be2 Na7 8. d6
cxd6 9. Qxd6 Nb5 10. Bxb5 axb5 11. Bg5 Ra6 12. Qc5 h6 13. Bxe7 Qxe7 14. Qxc8+
Qd8 15. Qxb7 1-0

[Event "Lliga Catalana DH "]
[Site "?"]
[Date "2018.03.17"]
[Round "9.10"]
[White "Arambulo Urbaneta, Henry"]
[Black "Martinez Talavera, Jordi"]
[Result "0-1"]
[WhiteElo "1778"]
[BlackElo "2087"]
[PlyCount "66"]
[EventDate "2018.??.??"]
[SourceDate "2015.07.10"]
[WhiteTeam "FIG"]
[BlackTeam "SJO"]

1. d4 e6 2. e3 c5 3. c3 d5 4. Bd3 Nc6 5. f4 f5 6. Nf3 Nf6 7. Nbd2 c4 8. Bc2 Qa5
9. O-O b5 10. Ne5 Nxe5 11. fxe5 Ng8 12. e4 dxe4 13. Nxe4 Bb7 14. Ng5 Qb6 15.
Be3 Ne7 16. Qh5+ g6 17. Qe2 Nd5 18. a4 h6 19. Nf3 Nxe3 20. Qxe3 Rg8 21. axb5 g5
22. Nd2 Bd5 23. Qe2 Qc7 24. Ra4 g4 25. Nxc4 f4 26. Nb6 g3 27. Nxd5 gxh2+ 28.
Kxh2 exd5 29. Qf3 Rg3 30. Qd1 Qg7 31. Qh5+ Kd8 32. Qe2 f3 33. gxf3 Qg5 0-1

[Event "Lliga Catalana DH "]
[Site "?"]
[Date "2018.03.17"]
[Round "9.1"]
[White "Herraiz Hidalgo, Herminio"]
[Black "A�lvarez Pedraza, Aramis"]
[Result "1/2-1/2"]
[WhiteElo "2483"]
[BlackElo "2521"]
[PlyCount "41"]
[EventDate "2018.??.??"]
[SourceDate "2015.07.10"]
[WhiteTeam "CAT"]
[BlackTeam "LLE"]

1. Nf3 Nf6 2. g3 b6 3. Bg2 Bb7 4. O-O g6 5. d4 Bg7 6. c4 O-O 7. d5 e6 8. Nc3
exd5 9. cxd5 a5 10. e4 d6 11. Nd4 Na6 12. f3 Nc5 13. a4 Nfd7 14. Ncb5 Ne5 15.
Ra3 c6 16. dxc6 Nxc6 17. Be3 Ne5 18. Rc3 d5 19. f4 Nc4 20. Bc1 Rc8 21. b3
1/2-1/2

[Event "Lliga Catalana DH "]
[Site "?"]
[Date "2018.03.17"]
[Round "9.3"]
[White "Amigo Vilalta, Jordi"]
[Black "Trepat Herranz, Joan"]
[Result "1/2-1/2"]
[WhiteElo "2322"]
[BlackElo "2431"]
[PlyCount "103"]
[EventDate "2018.??.??"]
[SourceDate "2015.07.10"]
[WhiteTeam "CAT"]
[BlackTeam "LLE"]

1. d4 Nf6 2. c4 e6 3. g3 d5 4. Bg2 Bb4+ 5. Bd2 Be7 6. Nf3 O-O 7. Nc3 dxc4 8.
Qa4 a6 9. Qxc4 b5 10. Qd3 Bb7 11. Bg5 Nbd7 12. O-O c5 13. dxc5 Nxc5 14. Qxd8
Rfxd8 15. b4 Ncd7 16. a3 Rac8 17. Rfc1 h6 18. Be3 Ng4 19. Bd4 Ba8 20. h3 e5 21.
hxg4 exd4 22. Nxd4 Bf6 23. e3 Bxg2 24. Kxg2 Bxd4 25. exd4 Nf6 26. Ne2 Nxg4 27.
Rxc8 Rxc8 28. Rc1 Rxc1 29. Nxc1 Nf6 30. Nb3 Nd5 31. Nc5 Nc7 32. Kf3 Kf8 33. Ke4
Ke7 34. d5 h5 35. Kd4 Kd6 36. Ne4+ Kd7 37. Ke5 f6+ 38. Kd4 Ne8 39. Nc5+ Kd6 40.
f4 f5 41. Nb7+ Kc7 42. Nc5 Kd6 43. Ne6 g6 44. Nf8 Nf6 45. Nxg6 Nxd5 46. Nh4 Ne7
47. Nf3 Nc6+ 48. Kd3 Kd5 49. Nh4 Ne7 50. Ng2 Nc6 51. Ne3+ Ke6 52. Nd1 1/2-1/2

[Event "Lliga Catalana DH "]
[Site "?"]
[Date "2018.03.17"]
[Round "9.4"]
[White "Adel Lahchaichi, Oussama"]
[Black "Dalo, Hermes"]
[Result "1-0"]
[WhiteElo "2378"]
[BlackElo "2304"]
[PlyCount "77"]
[EventDate "2018.??.??"]
[SourceDate "2015.07.10"]
[WhiteTeam "LLE"]
[BlackTeam "CAT"]

1. c4 Nf6 2. g3 g6 3. Bg2 Bg7 4. Nc3 O-O 5. d3 d6 6. e4 c5 7. Nge2 Nc6 8. O-O
a6 9. a4 Rb8 10. Rb1 Bd7 11. h3 Ne8 12. Be3 Nc7 13. d4 cxd4 14. Nxd4 Ne6 15.
Nde2 Na5 16. b3 b5 17. cxb5 axb5 18. Qd3 b4 19. Nd5 Nc5 20. Bxc5 dxc5 21. Rfc1
Rc8 22. Qa6 Rc6 23. Nxe7+ Qxe7 24. Qxa5 f5 25. Qb5 fxe4 26. Qc4+ Kh8 27. Bxe4
Re6 28. f3 Bh6 29. Rf1 Re5 30. g4 Qh4 31. Kg2 Be3 32. Qd3 Rh5 33. Qxe3 Qxh3+
34. Kf2 Bxg4 35. Rh1 Qxh1 36. Rxh1 Rxh1 37. Qxc5 Kg7 38. Qd4+ Kh6 39. Kg2 1-0

[Event "Lliga Catalana DH "]
[Site "?"]
[Date "2018.03.17"]
[Round "9.5"]
[White "Juan Bartroli, Pau"]
[Black "Quintas Galeano, Lluis"]
[Result "1/2-1/2"]
[WhiteElo "2322"]
[BlackElo "2227"]
[PlyCount "41"]
[EventDate "2018.??.??"]
[SourceDate "2015.07.10"]
[WhiteTeam "CAT"]
[BlackTeam "LLE"]

1. b3 Nf6 2. Bb2 g6 3. e4 d6 4. g3 Bg7 5. Bg2 e5 6. Ne2 O-O 7. O-O c5 8. d3 Nc6
9. Nd2 Be6 10. h3 d5 11. Kh2 dxe4 12. Nxe4 Nxe4 13. dxe4 Qxd1 14. Raxd1 Nd4 15.
Nxd4 cxd4 16. c3 dxc3 17. Bxc3 Rac8 18. Rd3 Rfd8 19. Rfd1 Rxd3 20. Rxd3 h5 21.
h4 1/2-1/2

[Event "Lliga Catalana DH "]
[Site "?"]
[Date "2018.03.17"]
[Round "9.6"]
[White "Sole Pijuan, Ferran"]
[Black "Vera Pons, Felipe"]
[Result "1/2-1/2"]
[WhiteElo "2226"]
[BlackElo "2298"]
[PlyCount "69"]
[EventDate "2018.??.??"]
[SourceDate "2015.07.10"]
[WhiteTeam "LLE"]
[BlackTeam "CAT"]

1. d4 f5 2. g3 Nf6 3. Bg2 g6 4. c3 Bg7 5. Qb3 Nc6 6. Nd2 d5 7. Nh3 e5 8. dxe5
Nxe5 9. Nf4 c6 10. h4 Qe7 11. c4 dxc4 12. Nxc4 Nfg4 13. Nxe5 Nxe5 14. Bd2 Qf7
15. Qxf7+ Kxf7 16. Bc3 Rd8 17. O-O Bd7 18. Rad1 Be8 19. e4 fxe4 20. Bxe4 Bf6
21. Bc2 Nf3+ 22. Kg2 Bxc3 23. bxc3 Ne5 24. Bb3+ Kf6 25. Ne6 Rxd1 26. Rxd1 Bf7
27. Nc5 Bxb3 28. axb3 b6 29. Ne4+ Ke7 30. Re1 Nd3 31. Re3 Nc1 32. Re1 Nd3 33.
Re3 Nc1 34. Re1 Nd3 35. Re3 1/2-1/2

[Event "Lliga Catalana DH "]
[Site "?"]
[Date "2018.03.17"]
[Round "9.7"]
[White "Saez Coma, Alejandro"]
[Black "Bruned Segura, Mario"]
[Result "1-0"]
[WhiteElo "2218"]
[BlackElo "2217"]
[PlyCount "79"]
[EventDate "2018.??.??"]
[SourceDate "2015.07.10"]
[WhiteTeam "CAT"]
[BlackTeam "LLE"]

1. d4 d6 2. Nf3 Bg4 3. Bf4 Nd7 4. h3 Bxf3 5. exf3 e5 6. Bh2 exd4 7. Qxd4 Qf6 8.
Qxf6 Ngxf6 9. Nc3 Be7 10. O-O-O O-O-O 11. Bc4 Rhf8 12. Rhe1 Rde8 13. Re3 Nb6
14. Bb3 a6 15. a4 Bd8 16. Ne4 Nxe4 17. fxe4 Bg5 18. f4 Bf6 19. c3 h6 20. Kc2 a5
21. e5 Bh4 22. Red3 dxe5 23. fxe5 Rd8 24. Rxd8+ Bxd8 25. Rf1 Be7 26. Bxf7 Nxa4
27. e6 Rd8 28. Be5 Rd5 29. Re1 Nb6 30. Re2 g5 31. Bg7 Nc4 32. Bg6 Rd8 33. Bd3
Nxb2 34. Bb5 c6 35. Bxc6 Nc4 36. Bd7+ Kc7 37. Kb3 Nd6 38. Be5 b6 39. Rd2 Rf8
40. Rd4 1-0

[Event "Lliga Catalana DH "]
[Site "?"]
[Date "2018.03.17"]
[Round "9.8"]
[White "Codina Garcia, Josep"]
[Black "Vigo Allepuz, David"]
[Result "1-0"]
[WhiteElo "2223"]
[BlackElo "2189"]
[PlyCount "63"]
[EventDate "2018.??.??"]
[SourceDate "2015.07.10"]
[WhiteTeam "LLE"]
[BlackTeam "CAT"]

1. d4 e6 2. e4 d5 3. Bd3 Nf6 4. Nd2 c5 5. e5 Nfd7 6. c3 Nc6 7. Ne2 cxd4 8. cxd4
f6 9. exf6 Qxf6 10. Nf3 Bd6 11. O-O O-O 12. Bg5 Qf7 13. Bh4 Qh5 14. Bg3 Bxg3
15. hxg3 Nf6 16. Qd2 h6 17. Nf4 Qf7 18. Ng6 Re8 19. Nge5 Qc7 20. Rac1 Qb6 21.
Qf4 Bd7 22. g4 Rad8 23. Rxc6 Bxc6 24. g5 hxg5 25. Nxg5 Rf8 26. Qh4 Be8 27. Bh7+
Kh8 28. Ng6+ Bxg6 29. Bxg6+ Kg8 30. Bh7+ Kh8 31. Bf5+ Kg8 32. Bxe6+ 1-0

[Event "Lliga Catalana DH "]
[Site "?"]
[Date "2018.03.17"]
[Round "9.9"]
[White "Serrano Aspa, Xavier"]
[Black "Masague Artero, Guerau"]
[Result "0-1"]
[WhiteElo "2158"]
[BlackElo "2220"]
[PlyCount "70"]
[EventDate "2018.??.??"]
[SourceDate "2015.07.10"]
[WhiteTeam "CAT"]
[BlackTeam "LLE"]

1. b3 Nf6 2. Bb2 g6 3. e4 Bg7 4. e5 Nd5 5. c4 Nb6 6. d4 d6 7. f4 O-O 8. Nf3
dxe5 9. fxe5 c5 10. d5 Bg4 11. Nbd2 e6 12. dxe6 fxe6 13. h3 Bf5 14. Qe2 Nc6 15.
a3 Bc2 16. Rc1 Nd4 17. Bxd4 cxd4 18. Rxc2 Qe7 19. Ra2 Nd7 20. Qe4 Rf5 21. g4
Nc5 22. Qxd4 Rd8 23. Qe3 Rf7 24. b4 Nd7 25. Be2 Nxe5 26. Nxe5 Qh4+ 27. Kd1 Bh6
28. Nxf7 Bxe3 29. Nxd8 Qxd8 30. Rf1 Qd4 31. c5 Kg7 32. Bc4 Bxd2 33. Rxd2 Qxc4
34. Rf3 Kh6 35. Re2 Qd5+ 0-1

[Event "Lliga Catalana DH "]
[Site "?"]
[Date "2018.03.17"]
[Round "9.10"]
[White "Sole Gonzalez, Edgar"]
[Black "Morcillo Ferran, Jordi"]
[Result "1/2-1/2"]
[WhiteElo "2134"]
[BlackElo "2214"]
[PlyCount "55"]
[EventDate "2018.??.??"]
[SourceDate "2015.07.10"]
[WhiteTeam "LLE"]
[BlackTeam "CAT"]

1. d4 Nf6 2. Bg5 c5 3. d5 e6 4. e4 h6 5. Bxf6 Qxf6 6. Nc3 a6 7. Nf3 d6 8. a4 b6
9. Bc4 Be7 10. O-O e5 11. Nd2 Qg5 12. Nf3 Qg6 13. Be2 O-O 14. Nd2 f5 15. Bf3 f4
16. Nc4 Nd7 17. Bh5 Qg5 18. Qg4 Qxg4 19. Bxg4 Rb8 20. Be6+ Kh7 21. f3 Rd8 22.
b3 Nf8 23. Bxc8 Rdxc8 24. Rfb1 Rb7 25. Ra2 Nd7 26. Kf2 g5 27. Ke2 Rg8 28. h3
1/2-1/2

[Event "Lliga Catalana DH "]
[Site "Barbera del Valles"]
[Date "2018.03.17"]
[Round "9.1"]
[White "Vila Gazquez, Xavier"]
[Black "Cruz Sanchez, Jonathan Esteban"]
[Result "0-1"]
[WhiteElo "2530"]
[BlackElo "2477"]
[PlyCount "116"]
[EventDate "2018.??.??"]
[SourceDate "2015.07.10"]
[WhiteTeam "BAB"]
[BlackTeam "TPE"]

1. d4 Nf6 2. c4 c5 3. d5 e6 4. Nc3 exd5 5. cxd5 d6 6. Nf3 a6 7. a4 g6 8. g3 Bg7
9. Bg2 O-O 10. O-O Nbd7 11. Nd2 Ne8 12. a5 b5 13. axb6 Nxb6 14. Nb3 Nc4 15. Ra4
Nb6 16. Ra2 Nc4 17. Qd3 Rb8 18. Nd2 Nxd2 19. Bxd2 Nc7 20. Nd1 Bf5 21. e4 Bd7
22. Re1 Nb5 23. Rxa6 Qc8 24. Ra2 Nd4 25. Nc3 c4 26. Qb1 Bg4 27. Bf4 Rb6 28. Re3
h6 29. h4 Qd8 30. f3 Bd7 31. Re1 Nxf3+ 32. Bxf3 Bxc3 33. Bxh6 Re8 34. bxc3 Rxb1
35. Rxb1 Qf6 36. Kg2 Qxc3 37. Rc1 Qb3 38. Rac2 Rc8 39. Rc3 Qb4 40. h5 Qb2+ 41.
R1c2 Qa1 42. Bf4 Ba4 43. Rc1 Qb2+ 44. Kg1 Bb3 45. Bxd6 Ra8 46. Be5 Ra2 47. g4
Qf2+ 48. Kh1 Qh4+ 49. Kg1 Qg5 50. Bg3 gxh5 51. d6 h4 52. Be1 Qc5+ 53. Kf1 Qxd6
54. Bxh4 Qh2 55. Be1 Qh3+ 56. Kg1 Qh2+ 57. Kf1 Bc2 58. g5 Bd3+ 0-1

[Event "Lliga Catalana DH "]
[Site "Barbera del Valles"]
[Date "2018.03.17"]
[Round "9.2"]
[White "Cruz Estrada, Filemon"]
[Black "Rizouk, Aimen"]
[Result "1/2-1/2"]
[WhiteElo "2387"]
[BlackElo "2494"]
[PlyCount "75"]
[EventDate "2018.??.??"]
[SourceDate "2015.07.10"]
[WhiteTeam "TPE"]
[BlackTeam "BAB"]

1. c4 e6 2. Nc3 Nf6 3. Nf3 d5 4. d4 Bb4 5. e3 O-O 6. Bd3 c5 7. O-O cxd4 8. exd4
dxc4 9. Bxc4 b6 10. Bg5 Bb7 11. Qe2 Nbd7 12. Ne5 Bxc3 13. bxc3 Qc7 14. Nxd7
Nxd7 15. Rac1 Rfe8 16. f4 Rac8 17. Bd3 Qd6 18. Bh4 f5 19. Rf2 Qd5 20. Bb5 a6
21. c4 Qd6 22. c5 bxc5 23. dxc5 Qc7 24. Bxa6 Bxa6 25. Qxa6 Nxc5 26. Qa3 Qb6 27.
Qe3 Na4 28. Re1 Qxe3 29. Rxe3 Nc3 30. Rc2 Ne4 31. Ree2 h6 32. Be1 g5 33. fxg5
hxg5 34. a4 Red8 35. Kf1 Kf7 36. a5 Kf6 37. Rxc8 Rxc8 38. Rb2 1/2-1/2